| 000 | 01087nam0a22002771 4500 | ||
|---|---|---|---|
| 001 | rc\3258745 | ||
| 005 | 20250609200723.0 | ||
| 021 |
_aRU _b[71-94226] |
||
| 035 | _a(NLR Aleph) 007482806 | ||
| 090 |
_a7534613 _c7534613 |
||
| 100 | _a20130115d1971 |||y0rusy50 ca | ||
| 101 | 0 | _arus | |
| 102 | _aRU | ||
| 105 | _ay bj ||||| | ||
| 200 | 1 |
_aКнигоописание и организация алфавитного каталога _e[Учебник для библ. фак. ин-тов культуры] |
|
| 210 |
_aМосква _cКнига _d1971 |
||
| 215 |
_a224 с. _d20 |
||
| 606 |
_aБиблиографическое описание книг _jУчебники и пособия _2psbo |
||
| 606 |
_aАлфавитный каталог _xОрганизация _jУчебники и пособия _2psbo |
||
| 700 | 1 |
_7ca _8rus _aФирсов _bГ. Г. _f1902-1990 _gГеоргий Гаврилович _9217534 _3RU\NLR\AUTH\770217590 |
|
| 801 | 0 |
_aRU _bNLR _gpsbo |
|
| 801 | 1 |
_aRU _bELAR _2rusmarc |
|
| 852 |
_aNLR _jБ 7300/Ф-627 |
||
| 942 | _cBOOK | ||
| 980 | _aNB | ||